[Event "CAN-ch U20 U1500"]
[Site "Toronto CAN"]
[Date "2023.07.09"]
[Round "6.24"]
[White "Li, Yeeshuen"]
[Black "Chen, Matthew"]
[Result "0-1"]
[WhiteElo "1216"]
[BlackElo "1346"]
[PlyCount "34"]
[EventDate "2023.07.07"]
[EventType "swiss"]
[EventRounds "6"]
[EventCountry "CAN"]

1. e4 e5 2. Nf3 Nc6 3. Bc4 Nf6 4. d3 Bc5 5. O-O d6 6. Nc3 Bg4 7. h3 Bh5 8. g4
Bg6 9. Bg5 h5 10. Nh4 hxg4 11. hxg4 Qd7 12. Nd5 Nxd5 13. Bxd5 Ne7 14. Nf5 Bxf5
15. gxf5 Nxd5 16. exd5 Qxf5 17. Qd2 Qg4# 0-1

[Event "CAN-ch U20 U1800"]
[Site "Toronto CAN"]
[Date "2023.07.06"]
[Round "1.13"]
[White "Cheng, Adrien"]
[Black "Qian, Ashley"]
[Result "0-1"]
[WhiteElo "1551"]
[BlackElo "1658"]
[PlyCount "112"]
[EventDate "2023.07.06"]
[EventType "swiss"]
[EventRounds "8"]
[EventCountry "CAN"]

1. f4 d5 2. Nf3 Nc6 3. e3 Nf6 4. b3 e6 5. Bb2 Be7 6. Bb5 Bd7 7. O-O O-O 8. d4
Ne4 9. Nbd2 f5 10. a3 a6 11. Bd3 Be8 12. c4 Nb8 13. cxd5 exd5 14. Ne5 Nd7 15.
Rc1 Ndf6 16. Bxe4 Nxe4 17. Nxe4 fxe4 18. Qg4 Qc8 19. Qg3 Qd8 20. a4 Bd7 21. Qf2
Bf6 22. Ba3 Re8 23. Kh1 c6 24. Qd2 Be6 25. Rf2 Bh4 26. g3 Bf6 27. f5 Bf7 28.
Nxf7 Kxf7 29. Qe2 Kg8 30. Rg1 Be7 31. Qg4 Kh8 32. Bxe7 Qxe7 33. Rgf1 Rf8 34.
Qf4 Rf7 35. g4 Raf8 36. Qg3 Qb4 37. Rb1 c5 38. dxc5 Qxc5 39. Rd2 Rd7 40. b4 Qc3
41. Rd4 Qc2 42. Rbd1 Qxa4 43. g5 Qc6 44. g6 h6 45. Qh3 Rdd8 46. Rf1 Rf6 47. Rd2
b6 48. Rg2 Qc4 49. Rg5 Kg8 50. Rh5 a5 51. bxa5 bxa5 52. Rg1 a4 53. Qh4 Rdf8 54.
Rd1 Qe2 55. Ra1 Qxe3 56. Rf1 a3 0-1

[Event "CAN-ch U20 U1800"]
[Site "Toronto CAN"]
[Date "2023.07.06"]
[Round "1.13"]
[White "Xie, Irene"]
[Black "Guliyev, Nadir"]
[Result "1-0"]
[WhiteElo "1782"]
[BlackElo "1559"]
[PlyCount "99"]
[EventDate "2023.07.06"]
[EventType "swiss"]
[EventRounds "8"]
[EventCountry "CAN"]

1. e4 c6 2. d4 d5 3. Nc3 dxe4 4. Nxe4 Bf5 5. Ng3 Bg6 6. Nf3 Nd7 7. Bd3 Bxd3 8.
Qxd3 Qc7 9. c3 e6 10. Be3 Ngf6 11. O-O-O Be7 12. Ne2 Nd5 13. c4 Nb4 14. Qb3 a5
15. Kb1 a4 16. Qc3 Qa5 17. a3 Qf5+ 18. Ka1 Nc2+ 19. Ka2 b5 20. Qd3 Qxd3 21.
Rxd3 b4 22. Ne1 b3+ 23. Kb1 Nxe1 24. Rxe1 O-O 25. f4 Rfd8 26. Red1 Nb6 27. c5
Nd5 28. Nc3 Nxe3 29. Rxe3 Bf6 30. Red3 Rd7 31. Kc1 Rad8 32. Nxa4 Rxd4 33. Rxd4
Rxd4 34. Rxd4 Bxd4 35. Kd2 f5 36. Kd3 Bg1 37. h3 g5 38. fxg5 e5 39. Kc4 f4 40.
Nc3 Be3 41. Ne4 Kf7 42. Kxb3 Ke6 43. Kc4 Bc1 44. a4 Bxb2 45. a5 Kd7 46. Nf6+
Kc7 47. Kd3 Bd4 48. Nxh7 Kd7 49. Kc4 Bb2 50. Nf6+ 1-0

[Event "CAN-ch U20 U1800"]
[Site "Toronto CAN"]
[Date "2023.07.06"]
[Round "1.14"]
[White "Tseng, Bradley"]
[Black "Wu, Ting En Ryan"]
[Result "1-0"]
[WhiteElo "1712"]
[BlackElo "1535"]
[PlyCount "103"]
[EventDate "2023.07.06"]
[EventType "swiss"]
[EventRounds "8"]
[EventCountry "CAN"]

1. e4 c5 2. Nf3 Nc6 3. Bb5 e6 4. c3 Nge7 5. d4 cxd4 6. cxd4 d5 7. e5 h6 8. O-O
Ng6 9. Nc3 Be7 10. Bd3 Nh4 11. Nxh4 Bxh4 12. Qg4 Kf8 13. Ne2 g6 14. Bxg6 fxg6
15. Qxg6 Qe8 16. Bxh6+ Ke7 17. Qg4 Rxh6 18. Qg7+ Kd8 19. Qxh6 Be7 20. Rad1 Bd7
21. Nf4 Qf7 22. Ng6 Kc7 23. Nxe7 Qxe7 24. Rd3 Rf8 25. Rfd1 Rf7 26. Rg3 Qb4 27.
Qd2 Qe7 28. a3 Qf8 29. Rc1 Kb8 30. Rcc3 Na5 31. Rcf3 Nc4 32. Rxf7 Qxf7 33. Qg5
Kc7 34. Rc3 Kb8 35. Qd8+ Bc8 36. b3 Qh7 37. h3 Nb6 38. Qd6+ Ka8 39. Qc7 Qxc7
40. Rxc7 Kb8 41. Rg7 Nd7 42. h4 Kc7 43. h5 Kb6 44. h6 Nxe5 45. h7 Bd7 46. h8=Q
Bc6 47. dxe5 d4 48. Qd8+ Ka6 49. Qxd4 Bb5 50. a4 Bc6 51. Qc4+ Kb6 52. b4 1-0

[Event "CAN-ch U20 U1800"]
[Site "Toronto CAN"]
[Date "2023.07.06"]
[Round "1.15"]
[White "Bi, William"]
[Black "Tenkov, Arkadii"]
[Result "0-1"]
[WhiteElo "1526"]
[BlackElo "1697"]
[PlyCount "68"]
[EventDate "2023.07.06"]
[EventType "swiss"]
[EventRounds "8"]
[EventCountry "CAN"]

1. e4 c6 2. d4 d5 3. exd5 cxd5 4. c4 Nf6 5. Nc3 e6 6. Nf3 Nc6 7. a3 Be7 8. Be2
O-O 9. O-O b6 10. Bf4 Bb7 11. Rc1 Rc8 12. cxd5 Nxd5 13. Nxd5 exd5 14. Bd3 Bf6
15. Qd2 g6 16. Bb5 Na5 17. Qd3 Nc4 18. Rc2 a6 19. Ba4 b5 20. Bb3 Bg7 21. h3 Qb6
22. Rfc1 h6 23. Be3 Rfe8 24. Re1 Rcd8 25. Kf1 Bc8 26. Qd1 Bf5 27. Rce2 Be4 28.
Nh2 Rf8 29. Bxc4 dxc4 30. d5 Qd6 31. Bc5 Bxg2+ 32. Kxg2 Qxc5 33. Rd2 h5 34. d6
c3 0-1

[Event "CAN-ch U20 U1800"]
[Site "Toronto CAN"]
[Date "2023.07.06"]
[Round "1.18"]
[White "De Costa, Benjamin"]
[Black "Chen, Shuang"]
[Result "1-0"]
[WhiteElo "1492"]
[BlackElo "1640"]
[PlyCount "151"]
[EventDate "2023.07.06"]
[EventType "swiss"]
[EventRounds "8"]
[EventCountry "CAN"]

1. d4 d5 2. c4 e6 3. Nf3 Nf6 4. Bg5 Be7 5. Nc3 Nbd7 6. c5 c6 7. Qc2 O-O 8. e3
b6 9. b4 a5 10. Na4 axb4 11. Bd3 h6 12. Bxf6 Bxf6 13. cxb6 Nxb6 14. Nc5 Nd7 15.
O-O Qa5 16. Rac1 Nxc5 17. Qxc5 Qxc5 18. Rxc5 b3 19. Rxc6 Rxa2 20. Rb1 Bd7 21.
Rb6 Ba4 22. Bb5 Rc8 23. Bxa4 b2 24. Rc6 Rxc6 25. Bxc6 Ra1 26. Nd2 e5 27. Bxd5
exd4 28. Be4 dxe3 29. fxe3 Kf8 30. Kf2 Ke7 31. Nc4 Kd7 32. Ke2 Rxb1 33. Bxb1
Kc6 34. Kd3 Kc5 35. e4 Kb4 36. e5 Bg5 37. Nxb2 Bf4 38. Ke4 Bxh2 39. Nd3+ Kc3
40. Ba2 f5+ 41. Ke3 g5 42. e6 Bd6 43. Ne5 Bc5+ 44. Kf3 h5 45. Ng6 h4 46. e7 g4+
47. Kf4 Bd6+ 48. Kxf5 Bxe7 49. Nxe7 h3 50. g3 Kd4 51. Kxg4 h2 52. Bd5 Ke5 53.
Bg2 Ke6 54. Nf5 Kf6 55. Ne3 Kg6 56. Nf1 Kh6 57. Nxh2 Kh7 58. Kg5 Kh8 59. Kg6
Kg8 60. g4 Kh8 61. g5 Kg8 62. Nf1 Kf8 63. Kh7 Ke8 64. g6 Ke7 65. g7 Kf6 66.
g8=Q Kf5 67. Qg6+ Kf4 68. Qe4+ Kg5 69. Ne3 Kf6 70. Qf5+ Ke7 71. Qg6 Kd7 72.
Bh3+ Kd8 73. Qd6+ Ke8 74. Bd7+ Kf7 75. Qe6+ Kf8 76. Qe8# 1-0

[Event "CAN-ch U20 U1800"]
[Site "Toronto CAN"]
[Date "2023.07.06"]
[Round "1.19"]
[White "Deepak, Laksshana"]
[Black "Guan, Isabelle"]
[Result "1-0"]
[WhiteElo "1665"]
[BlackElo "1479"]
[PlyCount "101"]
[EventDate "2023.07.06"]
[EventType "swiss"]
[EventRounds "8"]
[EventCountry "CAN"]

1. e4 e5 2. Nf3 Nc6 3. Nc3 Nf6 4. d4 Bb4 5. dxe5 Nxe4 6. Qd3 Nxc3 7. bxc3 Be7
8. Bf4 O-O 9. Be2 f6 10. O-O fxe5 11. Qd5+ Kh8 12. Bxe5 d6 13. Bd4 Bf6 14. Bd3
Nxd4 15. Nxd4 c5 16. Qh5 g6 17. Bxg6 Qe7 18. Nf3 Qg7 19. Be4 Bg4 20. Qd5 Bxc3
21. Rab1 b6 22. Ng5 Rae8 23. Qd3 h6 24. h3 hxg5 25. hxg4 Re6 26. g3 Bd4 27. Kg2
Rh6 28. f3 Qg8 29. Rh1 Rff6 30. Qa6 d5 31. Bf5 Qg7 32. Rbe1 Bc3 33. Rxh6+ Qxh6
34. Rh1 Qxh1+ 35. Kxh1 Rh6+ 36. Kg2 Rf6 37. Qxa7 Rh6 38. Qb8+ Kg7 39. Qc7+ Kh8
40. Qd8+ Kg7 41. Qe7+ Kh8 42. Qxg5 Bg7 43. Qd8+ Bf8 44. Qxd5 Kg7 45. g5 Rd6 46.
Qb7+ Be7 47. Qxe7+ Kg8 48. Qxd6 Kg7 49. Qe7+ Kg8 50. g6 Kh8 51. Qf8# 1-0

[Event "CAN-ch U20 U1800"]
[Site "Toronto CAN"]
[Date "2023.07.06"]
[Round "1.20"]
[White "Fu, Odyssey"]
[Black "Murali, Dhruv"]
[Result "1-0"]
[WhiteElo "1395"]
[BlackElo "1614"]
[PlyCount "81"]
[EventDate "2023.07.06"]
[EventType "swiss"]
[EventRounds "8"]
[EventCountry "CAN"]

1. e4 g6 2. d4 Bg7 3. Nf3 d6 4. Be3 Nc6 5. Qd2 e5 6. d5 Nb8 7. Nc3 Nd7 8. g4 h6
9. Bb5 Ngf6 10. g5 hxg5 11. Bxg5 a6 12. Bxd7+ Bxd7 13. O-O-O Bg4 14. Qe2 Rh3
15. Rd3 Qd7 16. Rg1 Nh5 17. Bd2 f5 18. Bg5 f4 19. Nb1 Nf6 20. Bxf6 Bxf6 21. Rg2
O-O-O 22. Nbd2 g5 23. Rb3 Rdh8 24. Qc4 Bxf3 25. Nxf3 g4 26. Ne1 Rxb3 27. Qxb3
f3 28. Rg1 Rxh2 29. Qe3 b6 30. Nd3 Qg7 31. Qe1 Bh4 32. Qf1 Qg6 33. Nb4 Rxf2 34.
Qxa6+ Kd7 35. Qa8 Qh6+ 36. Kb1 Ke7 37. Qg8 Qf6 38. Nc6+ Kd7 39. Qxg4+ Ke8 40.
Qc8+ Kf7 41. Qg8# 1-0

[Event "CAN-ch U20 U1800"]
[Site "Toronto CAN"]
[Date "2023.07.06"]
[Round "1.21"]
[White "Huang, Ivan"]
[Black "Chunchu, Ashwin"]
[Result "1/2-1/2"]
[WhiteElo "1580"]
[BlackElo "1381"]
[PlyCount "83"]
[EventDate "2023.07.06"]
[EventType "swiss"]
[EventRounds "8"]
[EventCountry "CAN"]

1. c4 g6 2. Nf3 Bg7 3. d4 d6 4. g3 Nc6 5. Bg2 Bd7 6. Nc3 Qc8 7. e4 e5 8. d5
Nce7 9. Be3 b6 10. b4 a5 11. bxa5 Rxa5 12. Qb3 f5 13. Nd2 Qa6 14. a4 Nf6 15. c5
bxc5 16. Nc4 O-O 17. Nxa5 Qxa5 18. O-O fxe4 19. Nxe4 Nxe4 20. Bxe4 Nf5 21. Ra2
Nd4 22. Bxd4 exd4 23. Rd1 Re8 24. Qc2 Bc8 25. Kg2 c4 26. Qxc4 Rxe4 27. Qb5 Qxb5
28. axb5 Bb7 29. f3 Re3 30. Ra7 Bxd5 31. Rc1 Rxf3 32. Rcxc7 Rc3+ 33. Kf2 Bh6
34. b6 Rxc7 35. bxc7 Be3+ 36. Ke1 Be6 37. Ra8+ Kf7 38. c8=Q Bxc8 39. Rxc8 Ke6
40. Ke2 h5 41. Kd3 Kf5 42. h3 1/2-1/2

[Event "CAN-ch U20 U1800"]
[Site "Toronto CAN"]
[Date "2023.07.06"]
[Round "1.22"]
[White "Lin, Austin"]
[Black "Chen, Vincent"]
[Result "1-0"]
[WhiteElo "1401"]
[BlackElo "1571"]
[PlyCount "61"]
[EventDate "2023.07.06"]
[EventType "swiss"]
[EventRounds "8"]
[EventCountry "CAN"]

1. e4 c6 2. d4 d5 3. e5 Bf5 4. Ne2 c5 5. Ng3 Bg6 6. h4 h6 7. h5 Bh7 8. e6 fxe6
9. Bd3 c4 10. Bxh7 Rxh7 11. Qg4 Kd7 12. Nc3 Nf6 13. Qe2 Nc6 14. Be3 Qc7 15. Rd1
Rd8 16. a4 Kc8 17. O-O e5 18. Nb5 Qa5 19. dxe5 Nxe5 20. Nxa7+ Kb8 21. Nb5 Qxa4
22. Bb6 Ned7 23. Nc3 Qc6 24. Bxd8 e5 25. Bxf6 Nxf6 26. Qxe5+ Bd6 27. Qd4 Bc5
28. Qf4+ Bd6 29. Qf3 Bxg3 30. Qxg3+ Kc8 31. Qf3 1-0

[Event "CAN-ch U20 U1800"]
[Site "Toronto CAN"]
[Date "2023.07.06"]
[Round "2.12"]
[White "Deepak, Laksshana"]
[Black "Xie, Irene"]
[Result "1-0"]
[WhiteElo "1665"]
[BlackElo "1782"]
[PlyCount "139"]
[EventDate "2023.07.06"]
[EventType "swiss"]
[EventRounds "8"]
[EventCountry "CAN"]

1. e4 e6 2. d4 d5 3. Nc3 dxe4 4. Nxe4 Bd7 5. Bd3 Bc6 6. c3 Nd7 7. Ne2 Ngf6 8.
N2g3 Be7 9. O-O O-O 10. Re1 Re8 11. Qb3 Nb6 12. Qc2 g6 13. h3 Nbd5 14. a3 Nxe4
15. Bxe4 Qd7 16. b4 Nf6 17. Bd3 a5 18. Rb1 axb4 19. axb4 b6 20. b5 Bb7 21. Ne2
Red8 22. Rd1 Bd6 23. c4 Be7 24. Bb2 Qe8 25. Ng3 Qf8 26. Ne4 Qe8 27. d5 Nxe4 28.
Bxe4 exd5 29. cxd5 Rd7 30. Qc3 f6 31. Qc4 Qf7 32. Bf3 Bd6 33. Bg4 Re7 34. Be6
Rxe6 35. dxe6 Qe7 36. Re1 Re8 37. Re3 Bc8 38. Rbe1 Bb4 39. R1e2 Bd6 40. Qc3 Rf8
41. g4 Qg7 42. e7 Re8 43. g5 Be5 44. Qc4+ Qf7 45. Qxf7+ Kxf7 46. Bxe5 fxe5 47.
Rxe5 Bxh3 48. Kh2 Bf5 49. R2e3 Bd7 50. f4 c6 51. bxc6 Bxc6 52. f5 gxf5 53.
Rxf5+ Kg7 54. Rf6 Bd5 55. Rxb6 Bf7 56. Rd6 Rg8 57. Rd8 Be8 58. Rf3 Rh8 59. Kg3
Rg8 60. Kf4 Kf7 61. Re3 Rg6 62. Rd5 Ra6 63. Rf5+ Kg7 64. Rf8 Ra8 65. Rd3 Rb8
66. Rd8 Rxd8 67. exd8=Q Kxf8 68. Ke5 Kf7 69. Qf6+ Kg8 70. Qe7 1-0

[Event "CAN-ch U20 U1800"]
[Site "Toronto CAN"]
[Date "2023.07.06"]
[Round "2.13"]
[White "Ossine, Nicholas"]
[Black "De Costa, Benjamin"]
[Result "0-1"]
[WhiteElo "1744"]
[BlackElo "1492"]
[PlyCount "128"]
[EventDate "2023.07.06"]
[EventType "swiss"]
[EventRounds "8"]
[EventCountry "CAN"]

1. d4 d5 2. c4 e6 3. Nc3 f5 4. Bf4 c6 5. Nf3 Bd6 6. Bxd6 Qxd6 7. e3 Nd7 8. Be2
Ngf6 9. O-O O-O 10. Qc2 Ne4 11. Rab1 Rf6 12. b4 Rh6 13. c5 Qc7 14. b5 Ng5 15.
g3 Ne4 16. Bd3 e5 17. Nxe5 Nxe5 18. dxe5 Qxe5 19. Ne2 g5 20. bxc6 bxc6 21. Bxe4
fxe4 22. Nd4 Ba6 23. Rfd1 Bd3 24. Rxd3 exd3 25. Qxd3 Rf6 26. Rb7 Qe4 27. Qxe4
dxe4 28. Rc7 Raf8 29. Nxc6 Rxf2 30. Ne7+ Kh8 31. g4 Rxa2 32. Nf5 Rb8 33. Ng3
Rb1+ 34. Nf1 Raa1 35. Rf7 Rc1 36. Rf5 h6 37. Kg2 Rc2+ 38. Kg3 Rac1 39. h4 Rxc5
40. Rf2 a5 41. hxg5 hxg5 42. Nd2 R5c2 43. Nb3 Rxf2 44. Kxf2 Rc2+ 45. Kg3 a4 46.
Nd4 Rc3 47. Nb5 Rxe3+ 48. Kf2 Rf3+ 49. Kg2 a3 50. Nxa3 Rxa3 51. Kf2 Rf3+ 52.
Ke2 Rf4 53. Ke3 Rxg4 54. Kf2 Rf4+ 55. Ke3 Rf8 56. Kxe4 g4 57. Ke3 g3 58. Ke4 g2
59. Kd5 g1=Q 60. Ke5 Qe3+ 61. Kd6 Rf6+ 62. Kd7 Qa7+ 63. Ke8 Kg8 64. Kd8 Rf8#
0-1

[Event "CAN-ch U20 U1800"]
[Site "Toronto CAN"]
[Date "2023.07.06"]
[Round "2.14"]
[White "Patil, Tanishq"]
[Black "Tseng, Bradley"]
[Result "1/2-1/2"]
[WhiteElo "1523"]
[BlackElo "1712"]
[PlyCount "60"]
[EventDate "2023.07.06"]
[EventType "swiss"]
[EventRounds "8"]
[EventCountry "CAN"]

1. d4 d5 2. Bf4 Nf6 3. e3 c5 4. c3 Qb6 5. Qb3 c4 6. Qc2 Nc6 7. Nf3 Bf5 8. Qc1
g6 9. Nbd2 Bg7 10. Be2 O-O 11. O-O Nd7 12. Rd1 e5 13. dxe5 Ndxe5 14. Nxe5 Bxe5
15. Bg3 Bxg3 16. hxg3 Rad8 17. Nf3 Rfe8 18. Nd4 Be6 19. Nxc6 Qxc6 20. Rd4 b5
21. Qd2 Rd7 22. Bf3 Red8 23. Rd1 f5 24. a3 a5 25. g4 fxg4 26. Bxg4 Bxg4 27.
Rxg4 Qe6 28. Qd4 Rf7 29. Rg5 Rfd7 30. Re5 Qc6 1/2-1/2

[Event "CAN-ch U20 U1800"]
[Site "Toronto CAN"]
[Date "2023.07.06"]
[Round "2.15"]
[White "Tenkov, Arkadii"]
[Black "Lin, Austin"]
[Result "0-1"]
[WhiteElo "1697"]
[BlackElo "1401"]
[PlyCount "120"]
[EventDate "2023.07.06"]
[EventType "swiss"]
[EventRounds "8"]
[EventCountry "CAN"]

1. e4 c6 2. d4 d5 3. Nc3 dxe4 4. Nxe4 Nf6 5. Nxf6+ exf6 6. c3 Bd6 7. Bd3 Nd7 8.
Ne2 O-O 9. O-O Re8 10. Bf4 Nf8 11. Bxd6 Qxd6 12. Ng3 Be6 13. Qc2 Rad8 14. Rad1
Qc7 15. h3 h6 16. b3 a6 17. Rfe1 Bc8 18. Rxe8 Rxe8 19. Qd2 Ng6 20. Re1 Rd8 21.
Bxg6 fxg6 22. Qd3 f5 23. h4 Qf7 24. Qe2 Kf8 25. Qe5 Qf6 26. h5 g5 27. Qc5+ Qd6
28. Re5 Qxc5 29. Rxc5 f4 30. Nf5 Be6 31. Re5 Bf7 32. c4 Bxh5 33. d5 cxd5 34.
cxd5 Bf7 35. d6 Bg6 36. Kf1 Bxf5 37. Rxf5+ Ke8 38. Re5+ Kf8 39. Rf5+ Ke8 40.
Re5+ Kf7 41. Re7+ Kf6 42. Rxb7 Rxd6 43. b4 Rc6 44. Ke1 Rd6 45. a4 Rd4 46. Rb6+
Ke5 47. f3 Rd6 48. Rxd6 Kxd6 49. Kd2 Kd5 50. Kd3 h5 51. b5 Kc5 52. bxa6 Kb6 53.
Ke4 g6 54. Ke5 h4 55. Ke4 Kxa6 56. Kd3 Ka5 57. Ke2 Kxa4 58. Kf2 Kb3 59. Kg1 Kc4
60. Kh2 Kd4 0-1

[Event "CAN-ch U20 U1800"]
[Site "Toronto CAN"]
[Date "2023.07.06"]
[Round "2.18"]
[White "Qian, Ashley"]
[Black "Fu, Odyssey"]
[Result "1-0"]
[WhiteElo "1688"]
[BlackElo "1395"]
[PlyCount "141"]
[EventDate "2023.07.06"]
[EventType "swiss"]
[EventRounds "8"]
[EventCountry "CAN"]

1. e4 c5 2. Nf3 Nc6 3. d4 cxd4 4. Nxd4 Nf6 5. Nc3 e5 6. Ndb5 d6 7. Bg5 a6 8.
Na3 b5 9. Nd5 Be7 10. Bxf6 Bxf6 11. c3 O-O 12. Nc2 Rb8 13. Be2 Bg5 14. O-O Be6
15. Ncb4 Nxb4 16. Nxb4 Qb6 17. Nd5 Qb7 18. c4 bxc4 19. Bxc4 Rfc8 20. b3 Rc5 21.
Qe2 a5 22. Rfd1 Kh8 23. h3 f5 24. Rab1 Qf7 25. Ne3 fxe4 26. Bxe6 Qxe6 27. Qa6
Bxe3 28. fxe3 Rd8 29. b4 axb4 30. Rxb4 Rc2 31. Qb6 Qf6 32. Rf1 Qg5 33. Rf2 Rxf2
34. Kxf2 Rf8+ 35. Kg1 Rc8 36. Rxe4 Qg3 37. Rc4 Rf8 38. e4 h6 39. Qb3 Qe1+ 40.
Kh2 d5 41. Qb4 Qxb4 42. Rxb4 d4 43. Rb5 Rd8 44. Kg3 g6 45. Kf3 Re8 46. a4 Kg7
47. a5 Kf6 48. a6 Ra8 49. Rb6+ Kf7 50. g4 Kg7 51. h4 h5 52. g5 Rf8+ 53. Ke2 d3+
54. Kxd3 Rf3+ 55. Ke2 Ra3 56. Rb7+ Kf8 57. a7 Ra2+ 58. Kd3 Ra3+ 59. Ke2 Ra2+
60. Kd3 Ra1 61. Rb8+ Ke7 62. a8=Q Rxa8 63. Rxa8 Kf7 64. Kc4 Kg7 65. Kd5 Kh7 66.
Ke6 Kg7 67. Ra7+ Kh8 68. Kf6 Kg8 69. Rf7 Kh8 70. Kxg6 Kg8 71. Rf1 1-0

[Event "CAN-ch U20 U1800"]
[Site "Toronto CAN"]
[Date "2023.07.06"]
[Round "2.19"]
[White "Chen, Shuang"]
[Black "Huang, Ivan"]
[Result "0-1"]
[WhiteElo "1640"]
[BlackElo "1580"]
[PlyCount "60"]
[EventDate "2023.07.06"]
[EventType "swiss"]
[EventRounds "8"]
[EventCountry "CAN"]

1. e4 e6 2. d4 d5 3. exd5 exd5 4. Nf3 Nc6 5. Bd3 Bd6 6. O-O Nge7 7. c3 Bf5 8.
Re1 O-O 9. Qc2 Bxd3 10. Qxd3 Ng6 11. Nbd2 Qd7 12. b3 Rfe8 13. Bb2 Nf4 14. Qf1
Qg4 15. Kh1 Ne7 16. c4 c6 17. h3 Qh5 18. Ne5 f6 19. Ng4 Qg6 20. Nf3 Nf5 21. Ne3
Nxe3 22. Rxe3 Rxe3 23. fxe3 Nd3 24. Bc3 Re8 25. Bd2 Bg3 26. cxd5 cxd5 27. Be1
Rxe3 28. Bxg3 Qxg3 29. Kg1 Nf4 30. Qf2 Nxh3+ 0-1

[Event "CAN-ch U20 U1800"]
[Site "Toronto CAN"]
[Date "2023.07.06"]
[Round "2.20"]
[White "Chunchu, Ashwin"]
[Black "Tang, Gideon"]
[Result "1-0"]
[WhiteElo "1381"]
[BlackElo "1677"]
[PlyCount "77"]
[EventDate "2023.07.06"]
[EventType "swiss"]
[EventRounds "8"]
[EventCountry "CAN"]

1. e4 c6 2. d4 d5 3. e5 c5 4. dxc5 e6 5. b4 Nc6 6. Bb5 a5 7. Bxc6+ bxc6 8. c3
Ne7 9. Ne2 Qc7 10. f4 Ba6 11. O-O Nf5 12. Re1 Be7 13. Nd4 g6 14. Be3 O-O 15.
Nxf5 gxf5 16. Nd2 Kh8 17. Nb3 a4 18. Nd4 Bc4 19. a3 Rg8 20. Bf2 Rg4 21. Re3
Rag8 22. Bg3 h5 23. h3 R4g7 24. Qxh5+ Rh7 25. Qd1 Bb5 26. Qc2 Rg6 27. Ra2 Qd8
28. Nxb5 cxb5 29. Qd3 Qe8 30. Be1 Bh4 31. Bxh4 Rxh4 32. Rg3 Rxf4 33. Rxg6 fxg6
34. Qg3 Re4 35. Rd2 Qb8 36. Rd4 Qxe5 37. Qxe5+ Rxe5 38. c6 Re3 39. c4 1-0

[Event "CAN-ch U20 U1800"]
[Site "Toronto CAN"]
[Date "2023.07.06"]
[Round "2.21"]
[White "Murali, Dhruv"]
[Black "Wu, Ting En Ryan"]
[Result "0-1"]
[WhiteElo "1614"]
[BlackElo "1535"]
[PlyCount "82"]
[EventDate "2023.07.06"]
[EventType "swiss"]
[EventRounds "8"]
[EventCountry "CAN"]

1. b3 d5 2. Bb2 Bf5 3. e3 Nf6 4. d4 e6 5. Nf3 Bd6 6. c4 c6 7. Bd3 Bg6 8. c5 Bc7
9. Qc2 Nbd7 10. Nbd2 a5 11. a4 Bxd3 12. Qxd3 Nf8 13. Rc1 Ng6 14. h3 O-O 15. O-O
Re8 16. Rfd1 Rb8 17. Qc2 h6 18. Bc3 b5 19. cxb6 Bxb6 20. Bb2 Rc8 21. Ba3 Nd7
22. Qb2 e5 23. Rc2 exd4 24. exd4 Nf4 25. Nf1 Qf6 26. Ne3 Nxh3+ 27. gxh3 Qxf3
28. Rdc1 Qf4 29. Rxc6 Rxc6 30. Rxc6 Bxd4 31. Qc2 Bxe3 32. fxe3 Qg3+ 33. Kf1
Qxh3+ 34. Kf2 Qh2+ 35. Kf1 Qh3+ 36. Kf2 Ne5 37. Rc7 Ng4+ 38. Kg1 Qxe3+ 39. Kg2
Qf4 40. Qd3 Ne3+ 41. Kg1 Qg3+ 0-1

[Event "CAN-ch U20 U1800"]
[Site "Toronto CAN"]
[Date "2023.07.06"]
[Round "2.22"]
[White "Chen, Vincent"]
[Black "Bi, William"]
[Result "1-0"]
[WhiteElo "1571"]
[BlackElo "1526"]
[PlyCount "83"]
[EventDate "2023.07.06"]
[EventType "swiss"]
[EventRounds "8"]
[EventCountry "CAN"]

1. f4 d5 2. Nf3 Nf6 3. g3 c5 4. Bg2 Nc6 5. O-O e6 6. d3 Be7 7. e4 dxe4 8. dxe4
Qxd1 9. Rxd1 Nxe4 10. Ne5 Nxe5 11. fxe5 f5 12. exf6 Nxf6 13. Nc3 O-O 14. a4 Rb8
15. Bf4 Ra8 16. a5 a6 17. Na4 Nd7 18. Bxb7 Ra7 19. Bc6 g5 20. Be3 Rc7 21. Bg2
Ne5 22. Nb6 Bb7 23. Ra4 Bxg2 24. Kxg2 c4 25. Bd4 Nf3 26. Rxc4 Rxc4 27. Nxc4 g4
28. Ne5 Nxd4 29. Rxd4 h5 30. Ng6 Rf7 31. Nxe7+ Rxe7 32. Rd6 Rc7 33. c3 Kf7 34.
Rxa6 Rd7 35. Rb6 Ra7 36. a6 Kf6 37. b4 Ke5 38. b5 Ke4 39. Rb7 Ra8 40. a7 Ke3
41. Rf7 Rd8 42. Rf2 1-0

[Event "CAN-ch U20 U1800"]
[Site "Toronto CAN"]
[Date "2023.07.06"]
[Round "2.23"]
[White "Guliyev, Nadir"]
[Black "Pollitt, Henry"]
[Result "1-0"]
[WhiteElo "1559"]
[BlackElo "1392"]
[PlyCount "139"]
[EventDate "2023.07.06"]
[EventType "swiss"]
[EventRounds "8"]
[EventCountry "CAN"]

1. d4 Nf6 2. c4 e6 3. Nc3 Bb4 4. e3 O-O 5. Bd3 c5 6. Nf3 d5 7. O-O Nc6 8. a3
Ba5 9. Ne2 cxd4 10. exd4 dxc4 11. Bxc4 Nd5 12. Bd3 Bc7 13. Ng3 Bf4 14. Bxf4
Nxf4 15. Bc2 Qe7 16. Qd2 Ng6 17. Rad1 Rd8 18. Qe3 b6 19. Ne5 Ncxe5 20. dxe5 Ba6
21. Rfe1 Rac8 22. Be4 Rxd1 23. Rxd1 Rd8 24. Rc1 Qd7 25. h3 Bb7 26. Bxb7 Qxb7
27. Ne2 Nh4 28. Qg5 Nf3+ 29. gxf3 Rd3 30. Ng3 h6 31. Qh4 Qxf3 32. Rc8+ Kh7 33.
Qe4+ Qxe4 34. Nxe4 Rd1+ 35. Kg2 Kg6 36. Rc3 Re1 37. Kf3 Rh1 38. Rc4 Rxh3+ 39.
Ng3 Rh2 40. Rc7 h5 41. Rxa7 h4 42. Rb7 hxg3 43. Kxg3 Rh5 44. f4 Rh1 45. Rxb6
Kf5 46. a4 Ra1 47. b3 Ra3 48. Rb5 g5 49. fxg5 Kxg5 50. a5 Kf5 51. Kf3 Ra1 52.
b4 Ra3+ 53. Kg2 Kg4 54. Rc5 Ra2+ 55. Kf1 Ra4 56. Ke2 Rxb4 57. Kd3 Rb1 58. Kc4
Kf4 59. a6 Ke4 60. Ra5 Rc1+ 61. Kb5 Kxe5 62. a7 Rc8 63. a8=Q Rxa8 64. Rxa8 f5
65. Kc4 Ke4 66. Kc3 f4 67. Kd2 e5 68. Ke2 Kf5 69. Ra5 Ke4 70. Ra4+ 1-0

[Event "CAN-ch U20 U1800"]
[Site "Toronto CAN"]
[Date "2023.07.06"]
[Round "2.24"]
[White "Guan, Isabelle"]
[Black "Cheng, Adrien"]
[Result "0-1"]
[WhiteElo "1479"]
[BlackElo "1551"]
[PlyCount "110"]
[EventDate "2023.07.06"]
[EventType "swiss"]
[EventRounds "8"]
[EventCountry "CAN"]

1. e4 e5 2. Nf3 Nc6 3. Bc4 Bc5 4. d3 h6 5. Nc3 d6 6. Be3 a6 7. Qd2 Nf6 8. h3
Bd7 9. O-O-O Bb4 10. g4 Na5 11. Bb3 Nxb3+ 12. cxb3 Bc6 13. Qc2 Qe7 14. Kb1
O-O-O 15. Rc1 d5 16. exd5 Nxd5 17. Nxd5 Bxd5 18. Qe2 Qf6 19. Qc2 Rd7 20. Nd2
Bxd2 21. Qxd2 Bxh1 22. Rxh1 Qg6 23. Rd1 Rhd8 24. Qc2 Rxd3 25. Rc1 R3d6 26. f4
Qxc2+ 27. Rxc2 Rd3 28. Bc1 Rxh3 29. fxe5 Rh1 30. a3 Rdd1 31. b4 Kd7 32. b3
Rxc1+ 33. Rxc1 Rxc1+ 34. Kxc1 Ke6 35. Kd2 Kxe5 36. Ke3 b5 37. a4 g5 38. Kf3 f5
39. gxf5 Kxf5 40. Kg3 h5 41. Kf3 h4 42. Kg2 g4 43. Kf2 h3 44. Kg3 Ke4 45. Kf2
h2 46. Kg2 g3 47. Kh1 Kf3 48. a5 g2+ 49. Kxh2 Kf2 50. Kh3 g1=Q 51. Kh4 Kf3 52.
Kh5 Kf4 53. Kh6 Kf5 54. Kh7 Kf6 55. Kh8 Qg7# 0-1

[Event "CAN-ch U20 U1800"]
[Site "Toronto CAN"]
[Date "2023.07.07"]
[Round "3.12"]
[White "De Costa, Benjamin"]
[Black "Qian, Ashley"]
[Result "0-1"]
[WhiteElo "1492"]
[BlackElo "1688"]
[PlyCount "72"]
[EventDate "2023.07.06"]
[EventType "swiss"]
[EventRounds "8"]
[EventCountry "CAN"]

1. d4 d5 2. c4 e6 3. Nf3 Nf6 4. Bg5 Be7 5. Nc3 h6 6. Bh4 O-O 7. e3 c6 8. c5 b6
9. b4 a5 10. a3 Ba6 11. Be2 Bxe2 12. Kxe2 Ne4 13. Bxe7 Nxc3+ 14. Kd3 Nxd1 15.
Bxd8 Nxf2+ 16. Ke2 Nxh1 17. Bxb6 axb4 18. Rxh1 bxa3 19. Ne5 Re8 20. Ra1 f6 21.
Nd3 Nd7 22. Bc7 e5 23. dxe5 Nxe5 24. Nxe5 fxe5 25. Kd3 e4+ 26. Kd4 Ra4+ 27. Kc3
Rea8 28. Kb3 Rc4 29. Bb6 Raa4 30. Bc7 g5 31. Be5 Rab4+ 32. Ka2 Rxc5 33. Kxa3
Rb6 34. Ka4 Rcb5 35. Bc3 Ra6+ 36. Ba5 Raxa5# 0-1